000 00299nam a22001337a 4500
008 180206b xxu||||| |||| 00| 0 eng d
020 _a603037001
041 _aeng
080 _a658
100 _a54
101 _aLID
245 _aInside Organizational Communication
_cReuss, C
942 _2udc
_cBK
999 _c41848
_d41848